Logo CIB grande

MONOPOLIO POLITICO DEL ECUADOR (Registro nro. 215341)

Detalles MARC
000 -LEADER
campo de control de longitud fija 00748nam a2200265Ia 4500
003 - IDENTIFICADOR DE NÚMERO DE CONTROL
campo de control EC-GqESP
005 - FECHA Y HORA DE LA ÚLTIMA TRANSACCIÓN
campo de control 20260119105610.0
008 - DATOS DE LONGITUD FIJA--INFORMACIÓN GENERAL
campo de control de longitud fija 250425s9999 xx 000 0 und d
010 ## - NÚMERO DE CONTROL DE LA BIBLIOTECA DEL CONGRESO
Número de control de LC 27456
041 ## - CÓDIGO DE IDIOMA
Código de lengua del texto/banda sonora o título independiente spa
043 ## - CÓDIGO DE ÁREA GEOGRÁFICA
Código de área geográfica ec
082 ## - NÚMERO DE LA CLASIFICACIÓN DECIMAL DEWEY
Número de clasificación 324.204
100 ## - ENTRADA PRINCIPAL--NOMBRE DE PERSONA
Nombre de persona DAMERVAL MARTINEZ, JAIME
245 #0 - MENCIÓN DEL TÍTULO
Título MONOPOLIO POLITICO DEL ECUADOR
250 ## - MENCION DE EDICION
Mención de edición S.E.
260 ## - PUBLICACIÓN, DISTRIBUCIÓN, ETC.
Lugar de publicación, distribución, etc. Ecuador
Nombre del editor, distribuidor, etc. ESPOL
Fecha de publicación, distribución, etc. 2000
260 ## - PUBLICACIÓN, DISTRIBUCIÓN, ETC.
Lugar de publicación, distribución, etc. GUAYAQUIL
300 ## - DESCRIPCIÓN FÍSICA
Extensión 144
500 ## - NOTA GENERAL
Nota general Dialogando con los líderes ecuatorianos del siglo XXI; No. 7. Consultar inv. D-24830, D-24831 en BIBTECEN CIBGZ-FIMCP D-30876
Materiales especificados .00 PARA ING. MECANICA.- MHP.
650 ## - PUNTO DE ACCESO ADICIONAL DE MATERIA--TÉRMINO DE MATERIA
Término de materia o nombre geográfico como elemento de entrada ECUADOR
650 ## - PUNTO DE ACCESO ADICIONAL DE MATERIA--TÉRMINO DE MATERIA
Término de materia o nombre geográfico como elemento de entrada OLIGARQUIA POLITICA
650 ## - PUNTO DE ACCESO ADICIONAL DE MATERIA--TÉRMINO DE MATERIA
Término de materia o nombre geográfico como elemento de entrada PARTIDOS POLITICOS
710 ## - ENTRADA AGREGADA--NOMBRE DE ENTIDAD CORPORATIVA
Nombre de entidad corporativa o nombre de jurisdicción como elemento de entrada ESPOL
942 ## - ELEMENTOS DE ENTRADA SECUNDARIOS (KOHA)
Tipo de ítem Koha Libros
Existencias
Estatus retirado Estado de pérdida Estado de daño No para préstamo Biblioteca de origen Biblioteca actual Fecha de adquisición Coste, precio normal de compra Total de préstamos Código de barras Copia número Ubicación en estantería Nota pública Tipo de ítem Koha
        CENTRO DE INFORMACIÓN BIBLIOTECARIA CENTRO DE INFORMACIÓN BIBLIOTECARIA 02/01/2002 10000.00   D-18473 1     Libros
        CENTRO DE INFORMACIÓN BIBLIOTECARIA CENTRO DE INFORMACIÓN BIBLIOTECARIA 02/01/2002 10000.00   D-18474 2      
        CENTRO DE INFORMACIÓN BIBLIOTECARIA CENTRO DE INFORMACIÓN BIBLIOTECARIA 02/01/2002 10000.00   D-18475 3      
        CENTRO NACIONAL DE INVESTIGACIONES MARINAS CENTRO NACIONAL DE INVESTIGACIONES MARINAS 06/11/2015 15.00   D-81220 12      
        CENTRO NACIONAL DE INVESTIGACIONES MARINAS CENTRO NACIONAL DE INVESTIGACIONES MARINAS 06/11/2015 15.00   D-81221 13      
        CENTRO NACIONAL DE INVESTIGACIONES MARINAS CENTRO NACIONAL DE INVESTIGACIONES MARINAS 06/11/2015 15.00   D-81222 14      
        ESCUELA DE NEGOCIOS ESCUELA DE NEGOCIOS 12/07/2001 5.00   D-P 01708 16   DONADO  
        ESCUELA DE NEGOCIOS ESCUELA DE NEGOCIOS 12/07/2001 5.00   D-P 01709 17   DONADO  
        ESCUELA DE NEGOCIOS ESCUELA DE NEGOCIOS 12/07/2001 5.00   D-P 01710 18   DONADO  
        ESCUELA DE NEGOCIOS ESCUELA DE NEGOCIOS 25/09/2009 20.00   D-P 10157 19   DONADO  
        ESCUELA DE NEGOCIOS ESCUELA DE NEGOCIOS 25/09/2009 20.00   D-P 10158 20   DONADO  
        FACULTAD DE INGENIERIA MECANICA Y CIENCIAS DE LA PRODUCCION FACULTAD DE INGENIERIA MECANICA Y CIENCIAS DE LA PRODUCCION 29/07/2005 3.00   D-30876 9      

Copyright 2025 ESPOL. Todos los derechos reservados.